MARC details
| 000 -CABECERA |
| campo de control de longitud fija |
02234cam a2200385 a 4500 |
| 001 - NÚMERO DE CONTROL |
| campo de control |
000003162 |
| 005 - FECHA Y HORA DE LA ÚLTIMA TRANSACCIÓN |
| campo de control |
20200929150340.0 |
| 008 - DATOS DE LONGITUD FIJA--INFORMACIÓN GENERAL |
| campo de control de longitud fija |
980112s1997 xxua b 010 0 spa |
| 010 ## - NÚMERO DE CONTROL DE LA BIBLIOTECA DEL CONGRESO |
| Número de control de LC |
98103242 |
| 040 ## - FUENTE DE LA CATALOGACIÓN |
| Centro catalogador/agencia de origen |
DO-SdBNP |
| Centro/agencia transcriptor |
DLC |
| Centro/agencia modificador |
DLC |
| 082 ## - NÚMERO DE LA CLASIFICACIÓN DECIMAL DEWEY |
| Número de clasificación |
M860.9 |
| Número de documento/Ítem |
A696h |
| 245 00 - MENCIÓN DE TÍTULO |
| Título |
Homenaje a Fredo Arias de la Canal : |
| Resto del título |
con ensayos de los Premios Vasconcelos / |
| Mención de responsabilidad, etc. |
Jean Aristeguieta ... [et al. ; jefe de redaccion, Ubaldo DiBenedetto ; asistentes, Berenice Garmendia, Ivan Garmendia, Fredo Arias King]. |
| 246 30 - FORMA VARIANTE DE TÍTULO |
| Título propio/Titulo breve |
Fredo Arias de la Canal |
| 260 ## - PUBLICACIÓN, DISTRIBUCIÓN, ETC. |
| Lugar de publicación, distribución, etc. |
[Cambridge, Mass.? : |
| Nombre del editor, distribuidor, etc. |
s.n.], |
| Fecha de publicación, distribución, etc. |
1997 |
| Lugar de fabricación/manufactura |
([Cambridge, Mass.?] : |
| Fabricante |
Kirby Lithographic) |
| 300 ## - DESCRIPCIÓN FÍSICA |
| Extensión |
205 p. : |
| Otras características físicas |
il. ; |
| Dimensiones |
23 cm. |
| 500 ## - NOTA GENERAL |
| Nota general |
"Volumen especial que contiene estudios, articulos, notas y textos ineditos relativos al homenaje a Fredo Arias de la Canal"--Added t.p. |
| 504 ## - NOTA DE BIBLIOGRAFÍA, ETC. |
| Nota de bibliografía, etc. |
Includes bibliographical references. |
| 505 0# - NOTA DE CONTENIDO CON FORMATO |
| Nota de contenido con formato |
Sor Juana Inés de la Crúz y el padre Antonio Vieira / Joaquim Montezuma de Carvalho -- Fernando de Herrera : defensor de la lengua / Ubaldo DiBenedetto -- La arquitectura prerrománica asturiana y su pintura mural / Magín Berenguer Alonso -- La poesía de Alfonso Reyes / Alicia Reyes -- A la búsqueda de una interpretación de la poesía / Odon Betanzos Palacios -- Poemario "Des-retratos" / Alfonso Larrahona Kästen -- Adiviña adiviñanza! / José Rubia Barcia -- La filosofía poética de Amado Nervo / Norma Suiffet -- Descubrimiento de un anagrama de Miguel de Cervantes / Guillermo Schmidhuber de la Mora. |
| 650 #4 - PUNTO DE ACCESO ADICIONAL DE MATERIA--TÉRMINO DE MATERIA |
| Término de materia o nombre geográfico como elemento de entrada |
Literatura mexicana |
| Subdivisión general |
Historia y critica |
| 9 (RLIN) |
9993 |
| 700 1# - PUNTO DE ACCESO ADICIONAL--NOMBRE DE PERSONA |
| Nombre de persona |
Montezuma de Carvalho, Joaquim |
| 9 (RLIN) |
9994 |
| 700 1# - PUNTO DE ACCESO ADICIONAL--NOMBRE DE PERSONA |
| Nombre de persona |
Berenguer Alonso, Magín |
| 9 (RLIN) |
9995 |
| 700 1# - PUNTO DE ACCESO ADICIONAL--NOMBRE DE PERSONA |
| Nombre de persona |
Reyes, Alicia |
| 9 (RLIN) |
9996 |
| 700 1# - PUNTO DE ACCESO ADICIONAL--NOMBRE DE PERSONA |
| Nombre de persona |
Betanzos Palacios, Odon |
| 9 (RLIN) |
9997 |
| 700 1# - PUNTO DE ACCESO ADICIONAL--NOMBRE DE PERSONA |
| Nombre de persona |
Larrahona Kästen, Alfonso |
| 9 (RLIN) |
9998 |
| 700 1# - PUNTO DE ACCESO ADICIONAL--NOMBRE DE PERSONA |
| Nombre de persona |
Rubia Barcia, José |
| 9 (RLIN) |
9999 |
| 700 1# - PUNTO DE ACCESO ADICIONAL--NOMBRE DE PERSONA |
| Nombre de persona |
Suiffet, Norma |
| 9 (RLIN) |
10000 |
| 700 1# - PUNTO DE ACCESO ADICIONAL--NOMBRE DE PERSONA |
| Nombre de persona |
Schmidhuber de la Mora, Guillermo |
| 9 (RLIN) |
10001 |
| 700 1# - PUNTO DE ACCESO ADICIONAL--NOMBRE DE PERSONA |
| Nombre de persona |
Arias de la Canal, Fredo. |
| 9 (RLIN) |
8096 |
| 700 1# - PUNTO DE ACCESO ADICIONAL--NOMBRE DE PERSONA |
| Nombre de persona |
Aristeguieta, Jean. |
| 9 (RLIN) |
10002 |
| 700 1# - PUNTO DE ACCESO ADICIONAL--NOMBRE DE PERSONA |
| Nombre de persona |
DiBenedetto, Ubaldo. |
| 9 (RLIN) |
10003 |
| 700 1# - PUNTO DE ACCESO ADICIONAL--NOMBRE DE PERSONA |
| Nombre de persona |
Garmendia, Berenice. |
| 9 (RLIN) |
10004 |
| 700 1# - PUNTO DE ACCESO ADICIONAL--NOMBRE DE PERSONA |
| Nombre de persona |
Garmendia, Ivan. |
| 9 (RLIN) |
10005 |
| 700 1# - PUNTO DE ACCESO ADICIONAL--NOMBRE DE PERSONA |
| Nombre de persona |
Arias King, Fredo. |
| 9 (RLIN) |
10006 |
| 910 ## - DATOS DE OPCIÓN DEL USUARIO (OCLC) |
| Datos de opción del usuario |
Catalogación por copia / LC |